Statistics for Top 20 Most Famous Best Actor Oscar Winners

Click here to take the quiz!

General Stats

  • This quiz has been taken 1,098 times
  • The average score is 10 of 20

Answer Stats

%YearActor% Correct
951995Tom Hanks
81%
781973Marlon Brando
76%
761981Robert de Niro
74%
771993Al Pacino
70%
911998Jack Nicholson
68%
862013Daniel Day-Lewis
65%
712002Denzel Washington
60%
812006Dustin and Philip Seymour Hoffman
57%
872001Russell Crowe
56%
811992Anthony Hopkins
52%
842009Sean Penn
48%
772000Kevin Spacey
45%
772011Colin Firth
43%
772014Matthew McConaughey
37%
732005Jamie Foxx
35%
612003Adrien Brody
32%
621983Ben Kingsley
31%
592007Forest Whitaker
31%
691988Michael Douglas
30%
601996Nicolas Cage
30%

Score Distribution

Percentile by Number Answered

Percent of People with Each Score

Your Score History

You have not taken this quiz